000 00300nam a22001097a 4500
008 160210b xxu||||| |||| 00| 0 eng d
020 _a0324233108
041 _aeng
080 _a658.15
245 _aMenaxhimi i kostos: Kontabiliteti dhe kontroll /
_cDon R. Hansen; Maryanne M. Mowen;
942 _2udc
_cBK
999 _c1415
_d1415